ARRUPE JESUIT UNIVERSITY

CORONAVIRUS -STOP THE SPREAD - CLEAN,DISINFECT,COVER

Harem years : (Record no. 126028)

MARC details
000 -LEADER
fixed length control field 01161pam a2200325 a 4500
001 - CONTROL NUMBER
control field 3825655
003 - CONTROL NUMBER IDENTIFIER
control field ARRUPE
005 - DATE AND TIME OF LATEST TRANSACTION
control field 20170207142407.0
008 - FIXED-LENGTH DATA ELEMENTS--GENERAL INFORMATION
fixed length control field 861231t19871986nyuac b 000 0aeng
010 ## - LIBRARY OF CONGRESS CONTROL NUMBER
LC control number 86033630
020 ## - INTERNATIONAL STANDARD BOOK NUMBER
International Standard Book Number 0935312714 :
Terms of availability $29.95
020 ## - INTERNATIONAL STANDARD BOOK NUMBER
International Standard Book Number 0935312706 (pbk.) :
Terms of availability $9.95
040 ## - CATALOGING SOURCE
Original cataloging agency DLC
Transcribing agency DLC
Modifying agency DLC
041 1# - LANGUAGE CODE
Language code of text/sound track or separate title engara
043 ## - GEOGRAPHIC AREA CODE
Geographic area code f-ua---
050 00 - LIBRARY OF CONGRESS CALL NUMBER
Classification number HQ1793.S5
Item number A3 1987
082 00 - DEWEY DECIMAL CLASSIFICATION NUMBER
Classification number 305.4/2/0924
-- B
Edition number 19
300 ## - PHYSICAL DESCRIPTION
Other physical details ill., ports. ;
Dimensions 24 cm.
100 1# - MAIN ENTRY--PERSONAL NAME
Personal name Shaʻrāwī, Hudá,
Dates associated with a name 1879-1947.
9 (RLIN) 28525
245 10 - TITLE STATEMENT
Title Harem years :
Remainder of title the memoirs of an Egyptian feminist (1879-1924) /
Statement of responsibility, etc by Huda Shaarawi ; translated, edited, and introduced by Margot Badran.
260 ## - PUBLICATION, DISTRIBUTION, ETC. (IMPRINT)
Place of publication, distribution, etc New York :
Name of publisher, distributor, etc The American University in Cairo Press,
Date of publication, distribution, etc 1998.
300 ## - PHYSICAL DESCRIPTION
Extent ix, 158 p. :
500 ## - GENERAL NOTE
General note Translation of: Mudhakkirātī.
504 ## - BIBLIOGRAPHY, ETC. NOTE
Bibliography, etc Bibliography: p.[138]-147.
600 10 - SUBJECT ADDED ENTRY--PERSONAL NAME
Personal name Shaʻrāwī, Hudá,
Dates associated with a name 1879-1947.
9 (RLIN) 28525
650 #0 - SUBJECT ADDED ENTRY--TOPICAL TERM
Topical term or geographic name as entry element Feminists
Geographic subdivision Egypt
General subdivision Social conditions.
9 (RLIN) 28526
650 #0 - SUBJECT ADDED ENTRY--TOPICAL TERM
Topical term or geographic name as entry element Women
Geographic subdivision Egypt
General subdivision Social conditions.
9 (RLIN) 28527
700 1# - ADDED ENTRY--PERSONAL NAME
Personal name Badran, Margot.
9 (RLIN) 28528
906 ## - LOCAL DATA ELEMENT F, LDF (RLIN)
a 7
b cbc
c orignew
d 1
e ocip
f 19
g y-gencatlg
942 ## - ADDED ENTRY ELEMENTS (KOHA)
Source of classification or shelving scheme Library of Congress Classification
Koha item type Monograph ( Printed materials)
Holdings
Withdrawn status Lost status Source of classification or shelving scheme Damaged status Not for loan Collection code Home library Current library Shelving location Date acquired Total Checkouts Full call number Barcode Date last seen Price effective from Koha item type
    Library of Congress Classification     Main Collection ARRUPE LIBRARY ARRUPE LIBRARY Main Collection 07/02/2017   HQ1793.S5 A3 1998 46500024001 09/05/2018 07/02/2017 Monograph ( Printed materials)

 

Arrupe Library. PO Box MP320 Mt Pleasant, Harare, Zimbabwe
263 242 745411|librarian@aju.ac.zw